Technická práca časopis Ústřední rady Čs. vědecko-technické společnosti
| Other Authors: | , , , , , , , |
|---|---|
| Format: | Journal |
| Language: | Slovak Czech |
| PhysicalDescription: | 42 zv. 25-30 cm |
| Published: |
Bratislava
SOR, národohospodárska komisia
1949-1990
Bratislava Práca Bratislava Štátne nakladateľstvo technickej literatúry Bratislava Slovenské vydavateľstvo technickej literatúry Bratislava Alfa Bratislava Slovenská vedeckotechnická spoločnosť Bratislava Obzor |
| Subjects: |
MARC
| LEADER | 00000cas a2200000 a 4500 | ||
|---|---|---|---|
| 001 | vtls010299915 | ||
| 003 | SK-MaSNL | ||
| 005 | 20260228161656.0 | ||
| 008 | 110810c19491990xo mr|p 0 b0slo | ||
| 035 | |a (SVKBB03)vtls000105913 | ||
| 040 | |a SNK |b slo |c SNK |e AACR2 | ||
| 041 | 0 | |a slo |a cze | |
| 044 | |a xo |c SK |a xr |c CZ | ||
| 072 | 7 | |a 62 |x Technika všeobecne |2 konspekt | |
| 080 | |a 62 |2 2001 | ||
| 080 | |a 001 |2 2001 | ||
| 080 | |a (051)-027.561 |2 2001 | ||
| 080 | |a 050 |2 2001 | ||
| 245 | 0 | 0 | |a Technická práca |b časopis Ústřední rady Čs. vědecko-technické společnosti |
| 246 | 1 | 1 | |a Technická práce |
| 246 | 1 | 1 | |a Techničeskij trud |
| 246 | 1 | 1 | |a Engineering |
| 246 | 1 | 1 | |a Technische Arbeit |
| 247 | 0 | 1 | |a Technická práca |b mesačník pre spoluprácu vedy s výrobou |
| 247 | 0 | 1 | |a Technická práca |b celoštátny technický časopis pre baníctvo, hutníctvo, strojárstvo, energetiku a elektrotechniku |
| 247 | 0 | 1 | |a Technická práca |b časopis Slovenskej rady vedeckých technických spoločností pri SAV |f 1957 |
| 247 | 0 | 1 | |a Technická práca |b časopis pre pokrokovú techniku, technológiu a organizáciu výroby |f [1959] |
| 247 | 0 | 1 | |a Technická práce |b orgán Ústřední rady Čs. vědecko-technické společnosti |f [1962] |
| 247 | 0 | 1 | |a Technická práce |b orgán Ústřední rady Čs. vědecko-technické společnosti |
| 260 | |a Bratislava |b SOR, národohospodárska komisia |c 1949-1990 | ||
| 260 | 2 | |3 3/1951-12/1952 |a Bratislava |b Práca | |
| 260 | 2 | |3 1/1953-4/1955 |a Bratislava |b Štátne nakladateľstvo technickej literatúry | |
| 260 | 2 | |3 5/1955-12/1967 |a Bratislava |b Slovenské vydavateľstvo technickej literatúry | |
| 260 | 2 | |3 1/1968-12/1969 |a Bratislava |b Alfa | |
| 260 | 2 | |3 1/1970-12/1975 |a Bratislava |b Slovenská vedeckotechnická spoločnosť | |
| 260 | 3 | |3 1/1976-6/1990 |a Bratislava |b Obzor | |
| 300 | |a 42 zv. |c 25-30 cm | ||
| 310 | |a 1x mesačne | ||
| 362 | 0 | |a Roč. I, č. 1 (okt. 1949)-roč. 42, č. 6 (júl 1990) | |
| 500 | |a Podnázov sa mení | ||
| 500 | |a Vyd. SOR, národohospodárska komisia, od 3/(marec 1951) Práca, vyd. ROH, od 1/(jan. 1953) Štátne nakladateľstvo technickej literatúry, od 5/(máj 1955) Slov. vydavateľstvo technickej literatúry, od 1/(jan. 1957) Slov. rada vedecko-technických spoločností pri SAV v Slov. vyd. technickej literatúry, od 1/(jan. 1959) Slov. rada vedecko-technických spoločností pri ROH v Slov. vyd. technickej literatúry, od 3/(marec 1960) Slov. rada Čs. vedecko-technickej spoločnosti v Slov. vyd. technickej literatúry. od 1/(1961) Ústredná rada Československej vedecko-technickej spoločnosti, Praha, v Slovenskom vydavateľstve technickej literatúry, od 1/(1968) Ústredná rada Československej vedecko-technickej spoločnosti, Praha, v nakladateľstve Alfa, Bratislava, od 1/(1970) Ústredná rada Československej vedecko-technickej spoločnosti, Praha, Slovenská vedeckotechnická spoločnosť - Edičné stredisko, Bratislava, od 1/(1976) Ústredná rada Československej vedecko-technickej spoločnosti, Praha, vo vydavateľstve Obzor, Bratislava | ||
| 500 | |a Tlač. Slov. Grafia, od 2/(febr. 1950) Tlačiarenské závody Práca, od 1/(jan. 1953) Grafické tlačiarne, od 1/(jan. 1955) Brněnské knihtiskárny, zákl. záv. v Brne, od 4/(apr. 1958) Tisk, knižní výroba, záv. v Brne | ||
| 500 | |a Príl. s čes. a slov. príspevkami od 6/(1959) Nátěrové hmoty a nátěry. R. 1951 vyšlo 1 mimor. číslo. Periodická príloha: Nátětové hmoty a nátěry, bez samostatného stránkovania je vo všetkých ročníkoch a číslach v rozsahu 2 strán | ||
| 500 | |a Hlav. red.: 1949-4/1950, Kubínsky, Juraj | ||
| 500 | |a Ved. red.: 5/1950-9/1953, Kazimír Barlík; 10/1953-12/1953, Pavel Knobloch; 1/1954-6/1957, Samo Šaling; 07/1957-10/1958, Ctibor Grandtner; 11/1958-6/1990, Ján Krajčí | ||
| 500 | |a Zodp. red.: 1/1957-12/1959, Ladislav Pavelka; 1/1960-12/1960, Michal Šuška | ||
| 500 | |a Od roč. IX/1957 zmena formátu z 30 cm na 25 cm | ||
| 500 | |a Od roč. XIII/1961 jedno číslo má názov slovenský a jedno číslo má názov český | ||
| 525 | |a Prílohy: Uznesenie z I. celoštátneho sjazdu Československej vedecko-technickej spoločnosti konaného v dňoch 12.-14. júna 1961 v Prahe v č. 7, roč. XIII. (červenec 1961) - 8 s.; Leon Konečný: ABC technických jednotiek. Bratislava, SVTL, t. Tisk, Brno 1. 191 s.; od č. 2, roč. XV. (február 1963) do č. 1, roč. XVI. (leden 1964); Alfonz Bašta: Aplikovaná matematika pro řešení technických a ekonomických úloh. Bratislava, SVTL, t. Brno 1 - 260 s., od č. 1, roč. XVI. (Leden 1964) do č. 6, roč. XVII. (jún 1965) | ||
| 546 | |a Text aj čes. | ||
| 650 | 0 | 7 | |a veda |2 SNKPH |9 1599 |
| 650 | 0 | 7 | |a technika |2 SNKPH |9 671 |
| 655 | 7 | |a odborné časopisy |2 SNKPH |9 70505 | |
| 700 | 1 | |a Kubínsky, Juraj |4 pbd |9 265258 | |
| 700 | 1 | |a Barlík, Kazimír |4 pbd |9 269245 | |
| 700 | 1 | |a Knobloch, Pavel |4 pbd |9 269246 | |
| 700 | 1 | |a Grandtner, Ctibor |4 pbd |9 269247 | |
| 700 | 1 | |a Šaling, Samo, |d 1923- |4 pbd |9 207522 | |
| 700 | 1 | |a Krajčí, Ján, |d 1942- |4 pbd |9 269248 | |
| 700 | 1 | |a Pavelka, Ladislav, |d 1921-1960 |4 pbd |9 185695 | |
| 700 | 1 | |a Šuška, Michal |4 pbd |9 269249 | |
| 770 | 0 | |t Nátěrové hmoty a nátěry |w vtls010301714 | |
| 910 | |a snk | ||
| 916 | |a 1949-1951, 1953-1990 | ||
| 999 | |c 5892 |d 7822 | ||
| 952 | |0 0 |1 0 |4 0 |7 0 |8 0 |a SNK |b SNK |d 1997-03-17 |f 1 |i snkČSP 269/92 |l 0 |o snkČSB 548/42/1990 |p 17A0055562 |r 2005-01-02 00:00:00 |t č. 1-6 |w 2026-02-21 |y PREZ | ||
| 952 | |0 0 |1 0 |4 0 |7 0 |a SNK |b SNK |d 2005-11-04 |f 1 |i snkČSP 339/81 |l 0 |o snkČSB 548/32/2/1980 |p 17A0490253 |r 2026-02-21 19:30:08 |t č. 7-12 |w 2026-02-21 |y PREZ | ||
| 952 | |0 0 |1 0 |4 0 |7 0 |a SNK |b SNK |d 2010-01-11 |f 1 |i snkČSP 597/64 |l 0 |o snkČSB 548/15/1963 |p 17A0636220 |r 2026-02-21 19:31:25 |t č. 1-12 |w 2026-02-21 |y PREZ | ||
| 952 | |0 0 |1 0 |4 0 |7 0 |a SNK |b SNK |d 2010-01-26 |f 1 |i snkČSP 338/81 |l 0 |o snkČSB 548/32/1/1980 |p 17A0642595 |r 2026-02-21 19:31:31 |t č. 1-6 |w 2026-02-21 |y PREZ | ||
| 952 | |0 0 |1 0 |4 0 |7 0 |a SNK |b SNK |d 2000-03-22 |f 1 |i snkČSP 289/74 |l 0 |o snkČSB 548/25/2/1973 |p 17A0231173 |r 2005-01-02 00:00:00 |t č. 7-12 |w 2026-02-21 |y PREZ | ||
| 952 | |0 0 |1 0 |4 0 |7 0 |a SNK |b SNK |d 2000-03-22 |f 1 |i snkČSP 288/74 |l 0 |o snkČSB 548/25/1/1973 |p 17A0231797 |r 2005-01-02 00:00:00 |t č. 1-6 |w 2026-02-21 |y PREZ | ||
| 952 | |0 0 |1 0 |4 0 |7 0 |a SNK |b SNK |d 2000-03-22 |f 1 |i snkČSP 252/73 |l 0 |o snkČSB 548/24/1972 |p 17A0231762 |r 2005-01-02 00:00:00 |t č. 1-12 |w 2026-02-21 |y PREZ | ||
| 952 | |0 0 |1 0 |4 0 |7 0 |a SNK |b SNK |d 2000-03-22 |f 1 |i snkČSP 503/72 |l 0 |o snkČSB 548/23/1971 |p 17A0231848 |r 2005-01-02 00:00:00 |t č. 1-12 |w 2026-02-21 |y PREZ | ||
| 952 | |0 0 |1 0 |4 0 |7 0 |a SNK |b SNK |d 2000-06-21 |f 1 |i snkČSP 3925/88 |l 0 |o snkČSB 548/39/2/1987 |p 17A0243938 |r 2005-01-02 00:00:00 |t č. 7-12 |w 2026-02-21 |y PREZ | ||
| 952 | |0 0 |1 0 |4 0 |7 0 |a SNK |b SNK |d 2010-08-31 |f 1 |i snkČSP 595/84 |l 0 |o snkČSB 548/35/2/1983 |p 17A0668349 |r 2026-02-21 19:54:29 |t č. 7-12 |w 2026-02-21 |y PREZ | ||
| 952 | |0 0 |1 0 |4 0 |7 0 |a SNK |b SNK |d 2010-10-21 |f 1 |i snkČSP 106/69 |l 0 |o snkČSB 548/20/1968 |p 17A0677008 |r 2026-02-21 19:55:43 |t č. 1-12 |w 2026-02-21 |y PREZ | ||
| 952 | |0 0 |1 0 |4 0 |7 0 |a SNK |b SNK |d 2022-06-10 |l 0 |o snkČSB 548/31/1979/1 D1 |p 17A1348671 |r 2026-02-21 20:10:08 |t č. 1-6 |w 2026-02-21 |y PREZ | ||
| 952 | |0 0 |1 0 |4 0 |7 0 |a SNK |b SNK |d 2004-03-02 |f 1 |i snkČSP 594/84 |l 0 |o snkČSB 548/35/1/1983 |p 17A0416893 |r 2005-01-02 00:00:00 |t č. 1-6 |w 2026-02-21 |y PREZ | ||
| 952 | |0 0 |1 0 |3 rekatalogizácia |4 0 |7 0 |a SNK |b SNK |d 2006-08-31 |f 1 |i snkČSP 383/71 |l 0 |o snkČSB 548/22/1970 |p 17A0519540 |r 2026-02-21 20:18:13 |t č. 1-12 |w 2026-02-21 |y PREZ | ||
| 952 | |0 0 |1 0 |4 0 |7 0 |a SNK |b SNK |d 2013-03-19 |f 1 |l 0 |o snkČSB 548/3/1951 |p 17A0713199 |r 2026-02-21 20:24:04 |t č. 1-12 |w 2026-02-21 |y PREZ | ||
| 952 | |0 0 |1 0 |4 0 |7 0 |8 5 |a SNK |b SNK |d 2013-03-19 |f 1 |i snkXI. 1890/55 |l 0 |o snkČSB 548/1/1949 |p 17A0713212 |r 2026-02-21 20:24:04 |t č. 1-3 |w 2026-02-21 |y PREZ | ||
| 952 | |0 0 |1 0 |4 0 |7 0 |a SNK |b SNK |d 2013-03-19 |f 1 |i snkČSP 527/67 |l 0 |o snkČSB 548/18/1966 |p 17A0713205 |r 2026-02-21 20:24:04 |t č. 1-12 |w 2026-02-21 |y PREZ | ||
| 952 | |0 0 |1 0 |4 0 |7 0 |a SNK |b SNK |d 2013-03-19 |f 1 |i snkČSP 526/67 |l 0 |o snkČSB 548/17/1965 |p 17A0713226 |r 2026-02-21 20:24:04 |t č. 1-12 |w 2026-02-21 |y PREZ | ||
| 952 | |0 0 |1 0 |4 0 |7 0 |a SNK |b SNK |d 2013-03-19 |f 1 |i snkČSP 559/63 |l 0 |o snkČSB 548/14/1962 |p 17A0713166 |r 2026-02-21 20:24:04 |t č. 1-12 |w 2026-02-21 |y PREZ | ||
| 952 | |0 0 |1 0 |3 chýba č. 3 |4 0 |7 0 |a SNK |b SNK |d 2013-03-19 |f 1 |i snkČSP 607/65 |l 0 |o snkČSB 548/16/1964 |p 17A0713225 |r 2026-02-21 20:24:08 |t č. 1-12, neúplný |w 2026-02-21 |y PREZ |z chýba č. 3 | ||
| 952 | |0 0 |1 0 |4 0 |7 0 |a SNK |b SNK |d 2013-03-19 |f 1 |i snkČSP 1254/60 |l 0 |o snkČSB 548/11/1959/2 |p 17A0713224 |r 2026-02-21 20:24:08 |t č. 7-12 |w 2026-02-21 |y PREZ | ||
| 952 | |0 0 |1 0 |4 0 |7 0 |a SNK |b SNK |d 2013-03-19 |f 1 |i snkČSP 1253/60 |l 0 |o snkČSB 548/11/1959/1 |p 17A0713167 |r 2026-02-21 20:24:08 |t č. 1-6 |w 2026-02-21 |y PREZ | ||
| 952 | |0 0 |1 0 |4 0 |7 0 |a SNK |b SNK |d 2013-03-19 |l 0 |o snkČSB 548/10/1958/2 D1 |p 17A0713168 |r 2026-02-21 20:24:08 |t č. 7-12 |w 2026-02-21 |y PREZ | ||
| 952 | |0 0 |1 0 |4 0 |7 0 |a SNK |b SNK |d 1997-09-10 |f 1 |i snkČSP 271/62 |l 0 |o snkČSB 548/13/1961 |p 17A0093375 |r 2005-01-02 00:00:00 |t č. 1-12 |w 2026-02-21 |y PREZ | ||
| 952 | |0 0 |1 0 |4 0 |7 0 |a SNK |b SNK |d 2004-03-02 |f 1 |i snkČSP 1465/61 |l 0 |o snkČSB 548/12/1960 |p 17A0416717 |r 2005-01-02 00:00:00 |t č. 1-12 |w 2026-02-21 |y PREZ | ||
| 952 | |0 0 |1 0 |4 0 |7 0 |a SNK |b SNK |d 2004-03-02 |f 1 |i snkČSP 617/68 |l 0 |o snkČSB 548/19/1967 |p 17A0416954 |r 2005-01-02 00:00:00 |t č. 1-12 |w 2026-02-21 |y PREZ | ||
| 952 | |0 0 |1 0 |3 rekatalogizácia |4 0 |7 0 |a SNK |b SNK |d 2007-03-20 |f 1 |i snkČSP 121/70 |l 0 |o snkČSB 548/21/1969 |p 17A0542770 |r 2026-02-21 20:27:26 |t č. 1-12 |w 2026-02-21 |y PREZ | ||
| 952 | |0 0 |1 0 |4 0 |7 0 |a SNK |b SNK |d 2012-02-03 |i snkČSP 1220/58 |l 0 |o snkČSB 548/8/1956 D1 |p 17A0887353 |r 2026-02-21 20:29:52 |t č. 1-12 |w 2026-02-21 |y PREZ | ||
| 952 | |0 0 |1 0 |4 0 |7 0 |a SNK |b SNK |d 2013-04-22 |f 1 |i snkČSP 1122/85 |l 0 |o snkČSB 548/36/2/1984 |p 17A0856660 |r 2026-02-21 20:31:07 |t č. 7-12 |w 2026-02-21 |y PREZ | ||
| 952 | |0 0 |1 0 |4 0 |7 0 |a SNK |b SNK |d 2013-04-22 |f 1 |i snkČSP 1121/85 |l 0 |o snkČSB 548/36/1/1984 |p 17A0856874 |r 2026-02-21 20:31:07 |t č. 1-6 |w 2026-02-21 |y PREZ | ||
| 952 | |0 0 |1 0 |4 0 |7 0 |a SNK |b SNK |d 2014-02-13 |i snkČSP 4354/87 |l 0 |o snkČSB 548/38/1/1986 D1 |p 17A1024123 |r 2026-02-21 20:32:08 |t č. 1-6 |w 2026-02-21 |y PREZ | ||
| 952 | |0 0 |1 0 |4 0 |7 0 |a SNK |b SNK |d 2014-02-13 |i snkČSP 4356/87 |l 0 |o snkČSB 548/38/2/1986 D1 |p 17A1024038 |r 2026-02-21 20:32:08 |t č. 7-12 |w 2026-02-21 |y PREZ | ||
| 952 | |0 0 |1 0 |4 0 |7 0 |a SNK |b SNK |d 1997-10-03 |f 1 |i snkČSP 15/80 |l 0 |o snkČSB 548/31/2/1979 |p 17A0101247 |r 2005-01-02 00:00:00 |t č. 7-12 |w 2026-02-21 |y PREZ | ||
| 952 | |0 0 |1 0 |4 0 |7 0 |a SNK |b SNK |d 1997-10-03 |f 1 |i snkČSP 14/80 |l 0 |o snkČSB 548/31/1/1979 |p 17A0101282 |r 2005-01-02 00:00:00 |t č. 1-6 |w 2026-02-21 |y PREZ | ||
| 952 | |0 0 |1 0 |4 0 |7 0 |a SNK |b SNK |d 2012-05-04 |i snkČSP 668/78 |l 0 |o snkČSB 548/30/1/1978 D1 |p 17A7633212 |r 2026-02-21 20:40:36 |t č. 1-6 |w 2026-02-21 |y PREZ | ||
| 952 | |0 0 |1 0 |4 0 |7 0 |a SNK |b SNK |d 2012-05-04 |i snkČSP 428/83 |l 0 |o snkČSB 548/34/2/1982 D1 |p 17A7632838 |r 2026-02-21 20:40:36 |t č. 7-12 |w 2026-02-21 |y PREZ | ||
| 952 | |0 0 |1 0 |4 0 |7 0 |a SNK |b SNK |d 2000-11-24 |f 1 |i snkČSP 2572/86 |l 0 |o snkČSB 548/37/1/1985 |p 17A0259853 |r 2005-01-02 00:00:00 |t č. 1-6 |w 2026-02-21 |y PREZ | ||
| 952 | |0 0 |1 0 |4 0 |7 0 |a SNK |b SNK |d 2001-04-26 |f 1 |i snkČSP 4353/87 |l 0 |o snkČSB 548/38/1/1986 |p 17A0299425 |r 2005-01-02 00:00:00 |t č. 1-6 |w 2026-02-21 |y PREZ | ||
| 952 | |0 0 |1 0 |4 0 |7 0 |a SNK |b SNK |d 2001-03-01 |f 1 |i snkČSP 160/56 |l 0 |o snkČSB 548/7/1955 |p 17A0267235 |r 2005-01-02 00:00:00 |t č. 1-12 |w 2026-02-21 |y PREZ | ||
| 952 | |0 0 |1 0 |4 0 |7 0 |a SNK |b SNK |d 2013-07-09 |i snkČSP 786/91 |l 0 |o snkČSB 548/41/1/1989 D1 |p 17A1022247 |r 2026-02-21 21:02:29 |t č. 1-6 |w 2026-02-21 |y PREZ | ||
| 952 | |0 0 |1 0 |4 0 |7 0 |a SNK |b SNK |d 1999-04-13 |f 1 |i snk754/51 |l 0 |o snkČSB 548/2/1950 |p 17A0188831 |r 2005-01-02 00:00:00 |t č. 1-12 |w 2026-02-21 |y PREZ | ||
| 952 | |0 0 |1 0 |4 0 |7 0 |a SNK |b SNK |d 2014-04-30 |f 1 |i snkČSP 608/65 |l 0 |o snkČSB 548/16/1964 príloha |p 17A0713163 |r 2026-02-21 21:03:12 |t príloha k roč. 16/1964 |w 2026-02-21 |y PREZ | ||
| 952 | |0 0 |1 0 |4 0 |7 0 |a SNK |b SNK |d 2014-04-30 |f 1 |i snkČSP 1262/74 |l 0 |o snkČSB 548/26/1/1974 |p 17A0713103 |r 2026-02-21 21:03:12 |t č. 1-6 |w 2026-02-21 |y PREZ | ||
| 952 | |0 0 |1 0 |4 0 |7 0 |a SNK |b SNK |d 2014-04-30 |f 1 |i snkČSP 898/75 |l 0 |o snkČSB 548/26/2/1974 |p 17A0713135 |r 2026-02-21 21:03:12 |t č. 7-12 |w 2026-02-21 |y PREZ | ||
| 952 | |0 0 |1 0 |4 0 |7 0 |a SNK |b SNK |d 2014-04-30 |f 1 |i snkČSP ??/77 |l 0 |o snkČSB 548/28/1/1976 |p 17A0713174 |r 2026-02-21 21:03:12 |t č. 1-6 |w 2026-02-21 |y PREZ | ||
| 952 | |0 0 |1 0 |4 0 |7 0 |a SNK |b SNK |d 2014-04-30 |f 1 |i snkČSP 900/77 |l 0 |o snkČSB 548/28/2/1976 |p 17A0713233 |r 2026-02-21 21:03:12 |t č. 7-12 |w 2026-02-21 |y PREZ | ||
| 952 | |0 0 |1 0 |4 0 |7 0 |a SNK |b SNK |d 2014-04-30 |f 1 |i snkČSP 976/77 |l 0 |o snkČSB 548/29/1/1977 |p 17A0713231 |r 2026-02-21 21:03:12 |t č. 1-6 |w 2026-02-21 |y PREZ | ||
| 952 | |0 0 |1 0 |4 0 |7 0 |a SNK |b SNK |d 2014-04-30 |f 1 |i snkČSP ??/77 |l 0 |o snkČSB 548/29/2/1977 |p 17A0713229 |r 2026-02-21 21:03:12 |t č. 7-12 |w 2026-02-21 |y PREZ | ||
| 952 | |0 0 |1 0 |4 0 |7 0 |a SNK |b SNK |d 2014-04-30 |f 1 |i snkČSP 666/78 |l 0 |o snkČSB 548/30/1/1978 |p 17A0713232 |r 2026-02-21 21:03:12 |t č. 1-6 |w 2026-02-21 |y PREZ | ||
| 952 | |0 0 |1 0 |4 0 |7 0 |a SNK |b SNK |d 2014-04-30 |f 1 |i snkČSP 667/78 |l 0 |o snkČSB 548/30/2/1978 |p 17A0713150 |r 2026-02-21 21:03:12 |t č. 7-12 |w 2026-02-21 |y PREZ | ||
| 952 | |0 0 |1 0 |4 0 |7 0 |a SNK |b SNK |d 2014-04-30 |f 1 |i snkČSP 109/82 |l 0 |o snkČSB 548/33/1/1981 |p 17A0856666 |r 2026-02-21 21:03:12 |t č. 1-6 |w 2026-02-21 |y PREZ | ||
| 952 | |0 0 |1 0 |4 0 |7 0 |a SNK |b SNK |d 2014-04-30 |f 1 |i snkČSP 110/82 |l 0 |o snkČSB 548/33/2/1981 |p 17A0856667 |r 2026-02-21 21:03:12 |t č. 7-12 |w 2026-02-21 |y PREZ | ||
| 952 | |0 0 |1 0 |4 0 |7 0 |a SNK |b SNK |d 2014-04-30 |f 1 |i snkČSP 425/83 |l 0 |o snkČSB 548/34/1/1982 |p 17A0856586 |r 2026-02-21 21:03:13 |t č. 1-6 |w 2026-02-21 |y PREZ | ||
| 952 | |0 0 |1 0 |4 0 |7 0 |a SNK |b SNK |d 2014-04-30 |f 1 |i snkČSP 426/83 |l 0 |o snkČSB 548/34/2/1982 |p 17A0856698 |r 2026-02-21 21:03:13 |t č. 7-12 |w 2026-02-21 |y PREZ | ||
| 952 | |0 0 |1 0 |4 0 |7 0 |a SNK |b SNK |d 2014-04-30 |f 1 |i snkČSP 4355/87 |l 0 |o snkČSB 548/38/2/1986 |p 17A0856628 |r 2026-02-21 21:03:13 |t č. 7-12 |w 2026-02-21 |y PREZ | ||
| 952 | |0 0 |1 0 |4 0 |7 0 |a SNK |b SNK |d 2014-04-30 |f 1 |i snkČSP 3923/88 |l 0 |o snkČSB 548/39/1/1987 |p 17A0856651 |r 2026-02-21 21:03:13 |t č. 1-6 |w 2026-02-21 |y PREZ | ||
| 952 | |0 0 |1 0 |4 0 |7 0 |a SNK |b SNK |d 2014-04-30 |f 1 |i snkČSP 4819/89 |l 0 |o snkČSB 548/40/2/1988 |p 17A0856582 |r 2026-02-21 21:03:13 |t č. 7-12 |w 2026-02-21 |y PREZ | ||
| 952 | |0 0 |1 0 |4 0 |7 0 |a SNK |b SNK |d 2013-03-19 |f 1 |i snkII. 9/55 |l 0 |o snkČSB 548/6/1954 |p 17A0713228 |r 2026-02-21 21:03:16 |t č. 1-12 |w 2026-02-21 |y PREZ | ||
| 952 | |0 0 |1 0 |4 0 |7 0 |a SNK |b SNK |d 2014-04-29 |l 0 |o snkČSB 548/10/1958/1 D1 |p 17A0713227 |r 2026-02-21 21:03:16 |t č. 1-6 |w 2026-02-21 |y PREZ | ||
| 952 | |0 0 |1 0 |4 0 |7 0 |a SNK |b SNK |d 2015-03-26 |l 0 |o snkČSB 548/10/1958/2 D2 |p 17A0844245 |r 2026-02-21 21:15:41 |t č. 7-12 |w 2026-02-21 |y PREZ |z č. 7-12 | ||
| 952 | |0 0 |1 0 |4 0 |7 0 |a SNK |b SNK |d 2015-03-26 |l 0 |o snkČSB 548/10/1958/1 D2 |p 17A0844174 |r 2026-02-21 21:15:41 |t č. 1-6 |w 2026-02-21 |y PREZ |z č. 1-6 | ||
| 952 | |0 0 |1 0 |4 0 |7 0 |a SNK |b SNK |d 1999-01-20 |f 1 |i snkII. 515/54 |l 0 |o snkČSB 548/5/1953 |p 17A0175780 |r 2005-01-02 00:00:00 |t č. 1-12 |w 2026-02-21 |y PREZ | ||
| 952 | |0 0 |1 0 |4 0 |7 0 |a SNK |b SNK |d 1999-04-13 |f 1 |i snkČSP 84/57 |l 0 |o snkČSB 548/8/1956 |p 17A0188248 |r 2005-01-02 00:00:00 |t č. 1-12 |w 2026-02-21 |y PREZ | ||
| 952 | |0 0 |1 0 |4 0 |7 0 |a SNK |b SNK |d 1999-04-13 |f 1 |i snkČSP 1085/76 |l 0 |o snkČSB 548/27/2/1975 |p 17A0188973 |r 2005-01-02 00:00:00 |t č. 7-12 |w 2026-02-21 |y PREZ | ||
| 952 | |0 0 |1 0 |4 0 |7 0 |a SNK |b SNK |d 1999-04-13 |f 1 |i snkČSP 732/58 |l 0 |o snkČSB 548/9/1957 |p 17A0188849 |r 2005-01-02 00:00:00 |t č. 1-12 |w 2026-02-21 |y PREZ | ||
| 952 | |0 0 |1 0 |4 0 |7 0 |a SNK |b SNK |d 1999-04-13 |f 1 |i snkČSP 1097/75 |l 0 |o snkČSB 548/27/1/1975 |p 17A0188846 |r 2005-01-02 00:00:00 |t č. 1-6 |w 2026-02-21 |y PREZ | ||
| 952 | |0 0 |1 0 |4 0 |7 0 |a SNK |b SNK |d 2000-11-24 |f 1 |i snkČSP 2579/86 |l 0 |o snkČSB 548/37/2/1985 |p 17A0259837 |r 2005-01-02 00:00:00 |t č. 7-12 |w 2026-02-21 |y PREZ | ||
| 952 | |0 0 |1 0 |4 0 |7 0 |a SNK |b SNK |d 1999-08-25 |f 1 |i snkČSP 4817/89 |l 0 |o snkČSB 548/40/1/1988 |p 17A0207500 |r 2005-01-02 00:00:00 |t č. 1-6 |w 2026-02-21 |y PREZ | ||
| 952 | |0 0 |1 0 |4 0 |7 0 |a SNK |b SNK |d 2003-03-20 |f 1 |i snkČSP 737/91 |l 0 |o snkČSB 548/41/2/1989 |p 17A0379294 |r 2005-01-02 00:00:00 |t č. 7-12 |w 2026-02-21 |y PREZ | ||
| 952 | |0 0 |1 0 |4 0 |7 0 |a SNK |b SNK |d 2003-11-21 |f 1 |i snkČSP 785/91 |l 0 |o snkČSB 548/41/1/1989 |p 17A0406425 |r 2005-01-02 00:00:00 |t č. 1-6 |w 2026-02-21 |y PREZ | ||
| 952 | |0 0 |1 0 |4 0 |7 0 |a SNK |b SNK |d 2010-03-04 |f 1 |i snkČSP 752/59 |l 0 |o snkČSB 548/10/1958 |p 17A0648680 |r 2026-02-21 21:41:52 |t č. 1-12 |w 2026-02-21 |y PREZ | ||
| 952 | |0 0 |1 0 |4 0 |7 0 |a SNK |b SNK |d 2013-11-27 |i snkČSP 427/83 |l 0 |o snkČSB 548/34/1/1982 D1 |p 17A1022382 |r 2026-02-21 21:43:20 |t č. 1-6 |w 2026-02-21 |y PREZ | ||
| 952 | |0 0 |1 0 |4 0 |7 0 |a SNK |b SNK |d 2014-08-26 |i snkČSP 597/84 |l 0 |o snkČSB 548/35/2/1983 D1 |p 17A0867483 |r 2026-02-21 21:44:21 |t č. 7-12 |w 2026-02-21 |y PREZ | ||
| 952 | |0 0 |1 0 |4 0 |7 0 |a SNK |b SNK |d 2014-08-26 |i snkČSP 3924/88 |l 0 |o snkČSB 548/39/1/1987 D1 |p 17A0867484 |r 2026-02-21 21:44:21 |t č. 1-6+obsah |w 2026-02-21 |y PREZ | ||
| 952 | |0 0 |1 0 |4 0 |7 0 |a SNK |b SNK |d 2018-02-19 |i snkČSP 4820/89 |l 0 |o snkČSB 548/40/1988/2 D1 |p 17A1189346 |r 2026-02-21 21:49:23 |t č. 7-12 |w 2026-02-21 |y PREZ |z č. 7-12 | ||
| 952 | |0 0 |1 0 |4 0 |7 0 |a SNK |b SNK |d 2017-10-02 |i snkČSP 596/84 |l 0 |o snkČSB 548/35/1/1983 D1 |p 17A1188504 |r 2026-02-21 21:56:40 |t č. 1-6, 1.časť, úplný |w 2026-02-21 |y PREZ | ||
| 952 | |0 0 |1 0 |4 0 |7 0 |a SNK |b SNK |d 2017-10-16 |l 0 |o snkČSB 548/6/1954 D1 |p 17A1188697 |r 2026-02-21 22:04:45 |w 2026-02-21 |y PREZ | ||
| 952 | |0 0 |1 0 |4 0 |7 0 |a SNK |b SNK |d 2019-06-21 |i snkČSP 524/62 |l 0 |o snkČSB 548/12/1960 D1 |p 17A1154671 |r 2026-02-21 22:14:48 |t č. 1-12 |w 2026-02-21 |y PREZ | ||
| 952 | |0 0 |1 0 |4 0 |7 0 |a SNK |b SNK |d 2019-06-21 |i snkČSP 1292/60 |l 0 |o snkČSB 548/11/1959 D1 |p 17A1154670 |r 2026-02-21 22:14:48 |t č. 1-12 |w 2026-02-21 |y PREZ | ||
| 952 | |0 0 |1 0 |4 0 |7 0 |a SNK |b SNK |d 2017-12-04 |i snkII. 1032/54 |l 0 |o snkČSB 548/5/1953 D1 |p 17A1152492 |r 2026-02-21 22:18:35 |t č. 1-12 |w 2026-02-21 |y PREZ | ||
| 952 | |0 0 |1 0 |4 0 |7 0 |a SNK |b SNK |d 2017-12-05 |i snkČSP 733/58 |l 0 |o snkČSB 548/9/1957 D1 |p 17A1152493 |r 2026-02-21 22:18:49 |t č. 1-12 |w 2026-02-21 |y PREZ | ||
| 952 | |0 0 |1 0 |4 0 |7 0 |a SNK |b SNK |d 2017-12-05 |i snkČSP 308/57 |l 0 |o snkČSB 548/7/1955 D1 |p 17A1153685 |r 2026-02-21 22:18:49 |t č. 1-12 |w 2026-02-21 |y PREZ | ||
| 952 | |0 0 |1 0 |4 0 |7 0 |a SNK |b SNK |d 2020-11-02 |i snkČSP 112/82 |l 0 |o snkČSB 548/33/1981/2 D1 |p 17A1347726 |r 2026-02-21 22:23:28 |t č. 7-12 |w 2026-02-21 |y PREZ | ||


